Gaming Quiz

Random Gaming Quiz

Name the dragons of Dragon Story (the app) Quiz Stats

 Plays Quiz not verified by Sporcle

Also try: Rock Band 2 Songs
Challenge
Share
Tweet
Embed
Score 0/78 Timer 08:00
0 Plays Today
Colors Type % Correct
RedFire
96.2%
GreenForest
86.5%
BlueWater
84.6%
YellowAir
78.8%
PurpleMagic
78.8%
DiamondDiamond
78.8%
Blue & RedMagic
78.8%
WhiteLight
75%
RedRuby
69.2%
GreenEmerald
63.5%
PinkVirtue
63.5%
White & RedVirtue
63.5%
Red & GreenLife
59.6%
Red & YellowFirestorm
59.6%
DiamondInfinity
57.7%
Yellow & GreenFruitful
57.7%
Blue & GreenIsland
57.7%
White & RedLove
57.7%
Blue & YellowMist
55.8%
Red & GreenWild
53.8%
White & GreenFuzzy
53.8%
Yellow & GreenFairy
50%
Purple & GreenPoison
50%
White & BlueWinter
50%
Red & GreenLandworm
48.1%
Purple & RedCharm
48.1%
Purple & RedTitan
46.2%
Purple & YellowGenie
46.2%
White & GreenPegasus
46.2%
Blue & RedAthletic
46.2%
Red & GreenForest Fire
44.2%
Purple & BlueMistmoth
44.2%
Blue & GreenAtlantis
42.3%
Diamond & YellowGold
42.3%
White & PurpleLuck
42.3%
Red & GreenSnowman
40.4%
Red & YellowEagle
40.4%
Red & YellowScorpion
40.4%
Yellow & GreenParakeet
40.4%
Colors Type % Correct
Blue & GreenSerpent
40.4%
Purple & RedPlanet
40.4%
Purple & BlueCoral
40.4%
Purple & YellowTrickster
40.4%
Diamond & WhiteAngel
40.4%
Purple & Green & BlueAurora
40.4%
Red & YellowHoneybee
38.5%
Pink & BlueBubble
38.5%
Purple & GreenFamiliar
36.5%
Purple & BlueWizard
36.5%
Blue & YellowMindvolt
34.6%
Purple & BlueAether
34.6%
Blue & YellowClown
34.6%
Blue & Red & PurpleSuper
34.6%
Diamond & RedCrusader
32.7%
Diamond & PurpleAnubis
32.7%
White & YellowGriffin
32.7%
Red & Yellow & GreenScarecrow
32.7%
Blue & GreenMermaid
30.8%
White & RedLaserlight
30.8%
White & BlueDream
30.8%
Pink & GreenFlower
30.8%
Pink & YellowKite
30.8%
Blue & YellowStorm
28.8%
Diamond & BlueMercury
28.8%
Red & Yellow & BlueMirage
28.8%
Blue & YellowSeabreeze
26.9%
Purple & GreenWitch
26.9%
Diamond & GreenQuetzal
26.9%
Pink & RedJustice
26.9%
Purple & GreenZombie
25%
White & RedTusker
25%
White & YellowLeopard
25%
White & YellowSunrise
23.1%
Red & Yellow & GreenTurkey
23.1%
Red & YellowPumpkin
21.2%
White & BlueIce Cream
21.2%
White & PurpleHypnotic
21.2%
White & PurpleBoo
19.2%

You're not logged in!

Compare scores with friends on all Sporcle quizzes.
Join for Free
OR
Log In

You Might Also Like...

Show Comments

Extras

Created Dec 18, 2012ReportNominate
Tags:App Store, dragon

Top Quizzes Today


Score Distribution

Your Account Isn't Verified!

In order to create a playlist on Sporcle, you need to verify the email address you used during registration. Go to your Sporcle Settings to finish the process.

Report this User

Report this user for behavior that violates our Community Guidelines.

Details: